| 000 | 01394ntm a22004577a 4500 | ||
|---|---|---|---|
| 005 | 20250812164801.0 | ||
| 008 | 150317b2016 xxu||||| |||| 00| 0 spa d | ||
| 020 | _a9786074813814 | ||
| 041 | _aESP | ||
| 082 | _a658.409.2 L972l6 | ||
| 100 |
_aLussier, Robert _97528 |
||
| 100 |
_aAchua, Christopher F _97529 |
||
| 245 | _aLiderazgo: teoría, aplicación y desarrollo de habilidades | ||
| 250 | _a6 edición | ||
| 260 | _aMéxico | ||
| 260 | _bCengage Learning | ||
| 260 | _c2016 | ||
| 300 | _a497 páginas | ||
| 490 | _aDirección y Administración de Empresas | ||
| 505 | _aParte I. Individuos como líderes. Parte II. Liderazgo de equipo. Parte III. Liderazgo organizacional. | ||
| 650 | _aLIDERAZGO EJECUTIVO | ||
| 650 | _aHABILIDADES DE LIDERAZGO GERENCIAL | ||
| 650 | _aTEORÍA DEL LIDERAZGO | ||
| 650 | _aLÍDER | ||
| 650 | _aLIDERAZGO ORGANIZACIONAL | ||
| 650 | _aPOLÍTICA ORGANIZACIONAL | ||
| 650 | _aCOMUNICACIÓN | ||
| 650 | _aCOACHING | ||
| 650 | _aMANEJO DE CONFLICTOS | ||
| 650 | _aRETROALIMENTACIÓN | ||
| 650 | _aCULTURA ORGANIZACIONAL | ||
| 650 | _aCREATIVIDAD DEL EQUIPO | ||
| 650 | _aTOMA DE DECISIONES | ||
| 650 | _aLIDERAZGO CARISMÁTICO | ||
| 650 | _aLIDERAZGO ADMINISTRATIVO Y SERVICIAL | ||
| 650 | _aLIDERAZGO ESTRATÉGICO | ||
| 650 | _aREDES SOCIALES | ||
| 650 | _aDIVERSIDAD | ||
| 650 | _aCASOS | ||
| 942 |
_cBK _2ddc |
||
| 999 |
_c11222 _d11222 |
||